|
|
|
|
| LEADER |
00000nam0a2200000 4500 |
| 001 |
47821 |
| 005 |
20231031030539.0 |
| 035 |
|
|
|a (RuTPU)RU\TPU\book\50007
|
| 090 |
|
|
|a 47821
|
| 100 |
|
|
|a 20030226d1965 km y0rusy50 ca
|
| 101 |
0 |
|
|a rus
|
| 102 |
|
|
|a RU
|
| 105 |
|
|
|a a g 000zy
|
| 200 |
1 |
|
|a Датчики контроля и регулирования
|e Справочные материалы
|f Д. И. Агейкин, Е. Н. Костина, Н. Н. Кузнецова
|
| 205 |
|
|
|a 2-е изд., перераб. и доп.
|
| 210 |
|
|
|a Москва
|c Машиностроение
|d 1965
|
| 215 |
|
|
|a 928 с.
|c ил.
|
| 300 |
|
|
|a На переплете авт. не указ.
|
| 320 |
|
|
|a Библиогр. в конце разделов.
|
| 610 |
1 |
|
|a автоматика
|
| 610 |
1 |
|
|a автоматический контроль
|
| 610 |
1 |
|
|a датчики
|
| 610 |
1 |
|
|a регулирование
|
| 610 |
1 |
|
|a реле
|
| 610 |
1 |
|
|a схемы
|
| 610 |
1 |
|
|a расчетные формулы
|
| 610 |
1 |
|
|a параметры
|
| 610 |
1 |
|
|a справочники
|
| 675 |
|
|
|a 621.012(035)
|v 3
|
| 675 |
|
|
|a 681.2(035)
|v 3
|
| 700 |
|
1 |
|a Агейкин
|b Д. И.
|g Дмитрий Иванович
|
| 701 |
|
1 |
|a Костина
|b Е. Н.
|
| 701 |
|
1 |
|a Кузнецова
|b Н. Н.
|g Наталья Николаевна
|
| 801 |
|
1 |
|a RU
|b 63413507
|c 20030226
|g PSBO
|
| 801 |
|
2 |
|a RU
|b 63413507
|c 20230206
|g PSBO
|
| 942 |
|
|
|c BK
|